Dork diaries / (Record no. 1469)

MARC details
000 -LEADER
fixed length control field 00586nam a22002177a 4500
005 - DATE AND TIME OF LATEST TRANSACTION
control field 20230825144615.0
020 ## - INTERNATIONAL STANDARD BOOK NUMBER
International Standard Book Number 9781471144585
040 ## - CATALOGING SOURCE
Original cataloging agency FISKH
Language of cataloging eng
050 ## - LIBRARY OF CONGRESS CALL NUMBER
Classification number PZ7.R915935
082 ## - DEWEY DECIMAL CLASSIFICATION NUMBER
Classification number 813.6
100 ## - MAIN ENTRY--PERSONAL NAME
Personal name Russell, Rachel Renee
245 ## - TITLE STATEMENT
Title Dork diaries /
Remainder of title Puppy love
Statement of responsibility, etc. Rachel Renee Russell
505 ## - FORMATTED CONTENTS NOTE
Formatted contents note M
520 ## - SUMMARY, ETC.
Summary, etc. Nikki tries to be a pet sitter, but realizes it's harder work than she thought.
521 ## - TARGET AUDIENCE NOTE
Target audience note 670 <br/>
Source Lexile
521 ## - TARGET AUDIENCE NOTE
Target audience note M <br/>
Source Raz-Plus
650 ## - SUBJECT ADDED ENTRY--TOPICAL TERM
Topical term or geographic name entry element pets
942 ## - ADDED ENTRY ELEMENTS (KOHA)
Source of classification or shelving scheme Dewey Decimal Classification
Koha item type Books
Suppress in OPAC No
999 ## -
-- 1469
-- 1469
Holdings
Withdrawn status Lost status Source of classification or shelving scheme Damaged status Not for loan Collection Home library Current library Shelving location Date acquired Total Checkouts Full call number Barcode Date due Date last seen Date last checked out Price effective from Koha item type
    Dewey Decimal Classification     Juvenile Fiction Footprints International School Library Network Toul Kork Campus Footprints International School Library Network Toul Kork Campus TK Primary Library Room(4th Floor), Bookcase 5&6, Shelves 33-56, Orange Books 08/25/2023 5 RUS 813.6 PZ7.R915935 FISTK05309 04/03/2026 03/20/2026 03/20/2026 08/25/2023 Books